লোডিং...

The little Duke: Richard the fearless/

গ্রন্থ-পঞ্জীর বিবরন
প্রধান লেখক: Yonge, Charlotte M.
বিন্যাস: Printed Book
ভাষা:English
প্রকাশিত: London : Macmillan Publishers,
বিষয়গুলি:
LEADER 00531nam a22001457a 4500
008 170420b xxu||||| |||| 00| 0 eng d
999 |c 17668  |d 17668 
082 |a P 823  |b YON 
100 |a Yonge, Charlotte M. 
245 |a The little Duke:  |b Richard the fearless/  |c Charlotte M. Yonge 
260 |a London :  |b Macmillan Publishers, 
300 |a 80p. 
650 |a Novel 
942 |2 ddc  |c REF 
952 |0 0  |1 0  |2 ddc  |4 0  |5 1  |6 P_823_000000000000000_YON  |7 0  |9 24772  |a MAIN  |b MAIN  |d 2017-04-20  |e Prabodha chandra shekharam  |o P 823 YON  |p 25499  |r 2017-04-20  |w 2017-04-20  |y REF